| 000 | 00627nam a22002057a 4500 | ||
|---|---|---|---|
| 003 | OSt | ||
| 005 | 20260415075008.0 | ||
| 008 | 260415b |||||||| |||| 00| 0 eng d | ||
| 020 | _a8172450192 | ||
| 040 |
_aDWCL - Main Lib. _cOC |
||
| 082 | _aCirc. 418 B855 [2000?] | ||
| 100 |
_aBright, J.S. _eAuthor |
||
| 245 |
_aImprove your idioms and phrases / _cJ.S. Bright |
||
| 260 |
_aNew Delhi, India : _bGoodwill Publishing House, _cc [2000?]. |
||
| 300 |
_ax, 294 pages : _billustrations ; _c21 cm. |
||
| 650 | _a1. Idioms and phrases. | ||
| 650 | _a2. Idioms. | ||
| 650 | _a3. Phrases -- English. | ||
| 942 |
_2ddc _cBK-CIRC _n0 |
||
| 999 |
_c9464 _d9464 |
||